Libertad de expresin̤ entre tradicin̤ y renovacin̤ Ensayos en homenaje a Owen Fiss /

Detalles Bibliográficos
Autor principal: Restrepo Saldarriaga, Esteban
Formato: eBook
Lenguaje:español
Publicado: Bogot:̀ Universidad de Los Andes (Colombia), 2013
Materias:
Acceso en línea:Acceso restringido

MARC

LEADER 00000nam a22000007a 4500
005 20190512162851.0
007 cr|||| ||||
008 190512s2013 co |||||s|||| 00||0 spa d
020 |a 978-958-695-897-4 
035 |a 23362 
040 |a vLex 
090 |c 8688  |d 8688 
100 1 |a Restrepo Saldarriaga, Esteban 
245 1 0 |a Libertad de expresin̤ entre tradicin̤ y renovacin̤  |h [Recurso electrn̤ico] :  |b Ensayos en homenaje a Owen Fiss /  |c Esteban Restrepo Saldarriaga 
256 |a Servicio en ln̕ea 
260 |a Bogot:̀  |b Universidad de Los Andes (Colombia),  |c 2013 
300 |a 1 recurso electrn̤ico 
500 |a Owen Fiss es uno de los acadm̌icos jurd̕icos ms̀ importantes de los Estados Unidos. Su obra inmensa, que abarca el derecho constitucional, el derecho procesal y la filosofa̕ del derecho, se ha ocupado de mostrar, en lo fundamental, cm̤o el derecho encarna la razn̤ pb︢lica y es un instrumento esencial de la justicia social. Esta concepcin̤ del derecho se refleja en una teora̕ de la libertad de expresin̤ que busca hacer efectiva la igualdad sustantiva y que pretende abrir el mercado de las ideas a aquellas voces que, sin una intervencin̤ vigorosa del Estado, de otro modo no podra̕n expresar sus puntos de vista. Esta teora̕ no sl̤o ha influenciado a varias generaciones de acadm̌icos estadounidenses sino que se ha extendido a otros confines del mundo. Los ensayos recogidos en este libro, escritos por discp̕ulos y amigos de Owen Fiss de los Estados Unidos, Europa y Amřica Latina, son un sentido homenaje y agradecimiento a las enseąnzas imperecederas y democrt̀icas del maestro y el amigo. 
506 1 |a Disponible solo en los productos indicados  |d vLex Global  |d vLex Global (Academic Edition, excluding Law Schools)  |d vLex Global (U.S. Academic Edition, Law Schools)  |d vLex Global (U.S. Academic Edition, excluding Law Schools)  |d vLex Global (Academic Edition, Law Schools) 
650 0 4 |a Derecho Constitucional  |z Colombia 
740 0 |a vLex Libros (Servicio en ln̕ea) 
856 4 0 |u http://vlex.com/source/libertad-de-expresion-entre-tradicion-y-renovacion-ensayos-en-homenaje-a-owen-fiss-23362  |z Acceso restringido 
942 |c BOOK 
999 0 |a Constitutional right